[Event "13. Obert Int. Sant Marti 2011 - B"]
[Site "Barcelona ESP"]
[Date "2011.07.15"]
[Round "3.1"]
[White "Sumelzo Lozano, Jose"]
[Black "Medina Altamirano, Karla"]
[Result "0-1"]
[WhiteElo "1877"]
[BlackElo "1977"]
[PlyCount "62"]
[EventDate "2011.07.13"]
[EventType "swiss"]
[EventRounds "9"]
[EventCountry "ESP"]
[SourceTitle "Ajedrez en Madrid"]
[Source "lmi"]
[SourceDate "2011.07.13"]
[SourceVersion "1"]
[SourceVersionDate "2019.06.21"]
[SourceQuality "1"]

1. d4 d5 2. Nf3 Nf6 3. c4 dxc4 4. Nc3 a6 5. a4 Nc6 6. e4 Na5 7. Bg5 Bg4 8. Be2
Nb3 9. Rb1 Bxf3 10. Bxf3 Nxd4 11. e5 Nxf3+ 12. Qxf3 Nd7 13. Rd1 c6 14. O-O Qc7
15. Rfe1 e6 16. Ne4 Bb4 17. Nd6+ Bxd6 18. exd6 Qa5 19. Be7 Nb6 20. Qg3 Rg8 21.
Qh4 h6 22. Bd8 g5 23. Qxh6 Rxd8 24. Qf6 Rxd6 25. Kf1 Rxd1 26. Rxd1 Nd5 27. Qe5
Ke7 28. g3 Qxa4 29. Rd2 Qa1+ 30. Kg2 Qa5 31. Qd4 c3 0-1

[Event "13. Obert Int. Sant Marti 2011 - B"]
[Site "Barcelona ESP"]
[Date "2011.07.15"]
[Round "3.2"]
[White "Vargas Drechsler, Carlos"]
[Black "Moreno Perez, Norberto"]
[Result "0-1"]
[WhiteElo "1865"]
[BlackElo "1955"]
[PlyCount "62"]
[EventDate "2011.07.13"]
[EventType "swiss"]
[EventRounds "9"]
[EventCountry "ESP"]
[SourceTitle "Ajedrez en Madrid"]
[Source "lmi"]
[SourceDate "2011.07.13"]
[SourceVersion "1"]
[SourceVersionDate "2019.06.21"]
[SourceQuality "1"]

1. d4 d5 2. Nf3 Nc6 3. g3 h6 4. Bg2 Bg4 5. Nc3 e6 6. O-O Nf6 7. Qd3 a6 8. a3
Bf5 9. Qd1 Bd6 10. Nh4 Bh7 11. Re1 Ne4 12. Nxe4 dxe4 13. Bh1 Be7 14. Ng2 Qxd4
15. Be3 Qd6 16. Qc1 Rd8 17. c3 e5 18. Qc2 O-O 19. b4 Qe6 20. Qb2 b5 21. a4 Qg4
22. axb5 axb5 23. Bd2 Rd6 24. Ne3 Qh5 25. Qc2 f5 26. g4 Qh4 27. Nxf5 Bxf5 28.
gxf5 Rxf5 29. Be3 Rg6+ 30. Bg2 Qg4 31. Ra8+ Kh7 0-1

[Event "13. Obert Int. Sant Marti 2011 - B"]
[Site "Barcelona ESP"]
[Date "2011.07.15"]
[Round "3.3"]
[White "Diaz Nieto, Alberto"]
[Black "Minos Constante, Pablo"]
[Result "1-0"]
[WhiteElo "1948"]
[BlackElo "1852"]
[PlyCount "79"]
[EventDate "2011.07.13"]
[EventType "swiss"]
[EventRounds "9"]
[EventCountry "ESP"]
[SourceTitle "Ajedrez en Madrid"]
[Source "lmi"]
[SourceDate "2011.07.13"]
[SourceVersion "1"]
[SourceVersionDate "2019.06.21"]
[SourceQuality "1"]

1. d4 Nf6 2. c4 e6 3. Nc3 Bb4 4. Qc2 O-O 5. Bg5 d5 6. e3 h6 7. Bh4 c5 8. cxd5
cxd4 9. exd4 exd5 10. Bd3 Nc6 11. Nge2 Be6 12. O-O Rc8 13. a3 Bd6 14. f4 Na5
15. f5 Bd7 16. Qd2 Be7 17. Rae1 Nc4 18. Qc1 Ng4 19. Bxe7 Qxe7 20. Nf4 Qd6 21.
h3 Nf6 22. Bb1 Rfe8 23. Nd3 Qb6 24. Nc5 Bc6 25. b3 Nd6 26. Qf4 Nde4 27. N3xe4
dxe4 28. Kh2 Nd5 29. Qh4 Qc7+ 30. Kh1 e3 31. Ne4 Nc3 32. Nxc3 Bxg2+ 33. Kxg2
Qxc3 34. Re2 Qc6+ 35. Kh2 Qd6+ 36. Qf4 Qxa3 37. f6 Qxb3 38. Rg1 Qc4 39. Rxg7+
Kf8 40. Reg2 1-0

[Event "13. Obert Int. Sant Marti 2011 - B"]
[Site "Barcelona ESP"]
[Date "2011.07.15"]
[Round "3.4"]
[White "Gotes Perez, Jaume"]
[Black "Colom Andres, Xavier"]
[Result "1/2-1/2"]
[WhiteElo "1847"]
[BlackElo "1935"]
[PlyCount "120"]
[EventDate "2011.07.13"]
[EventType "swiss"]
[EventRounds "9"]
[EventCountry "ESP"]
[SourceTitle "Ajedrez en Madrid"]
[Source "lmi"]
[SourceDate "2011.07.13"]
[SourceVersion "1"]
[SourceVersionDate "2019.06.21"]
[SourceQuality "1"]

1. e4 c6 2. Nf3 d5 3. Nc3 Nf6 4. e5 Nfd7 5. d4 e6 6. Ne2 c5 7. c3 cxd4 8. cxd4
Nc6 9. Nc3 Be7 10. Bd3 Qb6 11. Be3 Nf8 12. O-O Bd7 13. Qe2 a6 14. a3 Ng6 15. b4
Qa7 16. Rfb1 b5 17. Na2 f6 18. exf6 Bxf6 19. Bxg6+ hxg6 20. Qd3 Kf7 21. Ng5+
Bxg5 22. Bxg5 Qxd4 23. Qf3+ Kg8 24. Rd1 Qe5 25. h4 Nd4 26. Qg4 Nf5 27. Rac1 Rf8
28. Rc2 Nd6 29. Rc7 Rf7 30. Nc3 Qf5 31. Qg3 Kh7 32. Qxd6 Qxf2+ 33. Kh2 Bc8 34.
Rxf7 Qxf7 35. Qf4 Qxf4+ 36. Bxf4 Rf8 37. g3 Kg8 38. Re1 Kf7 39. Be5 Re8 40.
Rf1+ Kg8 41. Rf4 Bd7 42. Kh3 Rc8 43. Kg4 Rxc3 44. Bxc3 e5+ 45. Kf3 exf4 46.
Kxf4 Kf7 47. Ke5 g5 48. Kxd5 gxh4 49. gxh4 g6 50. Kc5 Ke8 51. Bf6 Bf5 52. Kc6
Be4+ 53. Kb6 Kd7 54. Kxa6 Kc6 55. Ka5 Bc2 56. Be5 Bb3 57. Bf4 Bc2 58. Ka6 Bd1
59. Ka7 Bc2 60. Kb8 Bf5 1/2-1/2

[Event "13. Obert Int. Sant Marti 2011 - B"]
[Site "Barcelona ESP"]
[Date "2011.07.15"]
[Round "3.5"]
[White "Santos Ramos, Carles"]
[Black "Volart Buil, Jordi"]
[Result "0-1"]
[WhiteElo "1935"]
[BlackElo "1817"]
[PlyCount "78"]
[EventDate "2011.07.13"]
[EventType "swiss"]
[EventRounds "9"]
[EventCountry "ESP"]
[SourceTitle "Ajedrez en Madrid"]
[Source "lmi"]
[SourceDate "2011.07.13"]
[SourceVersion "1"]
[SourceVersionDate "2019.06.21"]
[SourceQuality "1"]

1. d4 Nf6 2. Nc3 d5 3. e4 dxe4 4. f3 exf3 5. Qxf3 c6 6. Be3 g6 7. O-O-O Bg4 8.
Qg3 Bxd1 9. Nxd1 Nh5 10. Qf3 Qd5 11. Qh3 Qf5 12. Qxf5 gxf5 13. Bd3 e6 14. Nf3
Nd7 15. Ng5 Be7 16. h4 h6 17. Nf3 O-O-O 18. Re1 Ndf6 19. Ne5 Rdf8 20. Bc4 Nd5
21. Bf2 Nhf6 22. Ne3 Ne4 23. Bg1 Bxh4 24. Rd1 Rhg8 25. Nxd5 exd5 26. Bf1 Bg5+
27. Kb1 Nd2+ 28. Ka1 Nxf1 29. Rxf1 f4 30. Bh2 f6 31. Nd3 Re8 32. Bxf4 Re2 33.
g3 Rge8 34. c3 Bxf4 35. gxf4 h5 36. a4 h4 37. Rh1 R8e3 38. Nc5 Re1+ 39. Rxe1
Rxe1+ 0-1

[Event "13. Obert Int. Sant Marti 2011 - B"]
[Site "Barcelona ESP"]
[Date "2011.07.15"]
[Round "3.6"]
[White "Poyato Plaza, Daniel"]
[Black "Vigier Lopez, Carlos"]
[Result "1/2-1/2"]
[WhiteElo "1928"]
[BlackElo "1783"]
[PlyCount "54"]
[EventDate "2011.07.13"]
[EventType "swiss"]
[EventRounds "9"]
[EventCountry "ESP"]
[SourceTitle "Ajedrez en Madrid"]
[Source "lmi"]
[SourceDate "2011.07.13"]
[SourceVersion "1"]
[SourceVersionDate "2019.06.21"]
[SourceQuality "1"]

1. d4 Nf6 2. c4 g6 3. Nc3 Bg7 4. e4 d6 5. Be2 O-O 6. Nf3 e5 7. dxe5 dxe5 8.
Qxd8 Rxd8 9. Bg5 c6 10. O-O Re8 11. Rfd1 b6 12. Bxf6 Bxf6 13. Rd2 Be6 14. Rad1
Na6 15. a3 Nc5 16. b4 Nb3 17. Rb2 Nd4 18. c5 Rad8 19. h3 Rd7 20. Rbd2 Red8 21.
Kf1 Kf8 22. a4 Ke8 23. b5 Nxe2 24. Kxe2 Rxd2+ 25. Rxd2 Rxd2+ 26. Kxd2 Kd7 27.
Kd3 Bg7 1/2-1/2

[Event "13. Obert Int. Sant Marti 2011 - B"]
[Site "Barcelona ESP"]
[Date "2011.07.15"]
[Round "3.7"]
[White "Perez Cuadrado, Eduardo"]
[Black "Amor Alcaide, Manuel"]
[Result "0-1"]
[WhiteElo "1702"]
[BlackElo "1948"]
[PlyCount "90"]
[EventDate "2011.07.13"]
[EventType "swiss"]
[EventRounds "9"]
[EventCountry "ESP"]
[SourceTitle "Ajedrez en Madrid"]
[Source "lmi"]
[SourceDate "2011.07.13"]
[SourceVersion "1"]
[SourceVersionDate "2019.06.21"]
[SourceQuality "1"]

1. d4 d6 2. e4 Nf6 3. Nc3 c6 4. Nf3 Bg4 5. Be2 Qc7 6. Bg5 Nbd7 7. h3 Bxf3 8.
Bxf3 Qb6 9. Rb1 e5 10. d5 c5 11. O-O Be7 12. a4 a6 13. Be3 Qc7 14. Qd2 Rc8 15.
Ne2 b5 16. axb5 axb5 17. Ng3 Rb8 18. Nf5 Bf8 19. b3 g6 20. Ng3 Bg7 21. Ra1 O-O
22. Ra2 Nb6 23. Rfa1 Ra8 24. Rxa8 Rxa8 25. Rxa8+ Nxa8 26. Be2 Qb7 27. Qa5 Nc7
28. f3 h6 29. Nf1 Nd7 30. g4 Kh7 31. Ng3 b4 32. Nf1 Bf6 33. Nd2 Be7 34. Nc4 Nb5
35. Nxe5 Nxe5 36. Bxb5 Nxf3+ 37. Kf2 Nh4 38. Bc6 Qb8 39. Qa8 Qd8 40. Qa7 Kg7
41. Bf4 Bg5 42. Qa1+ Kh7 43. Qc1 Qf6 44. Kg3 Qc3+ 45. Kh2 Qf3 0-1

[Event "13. Obert Int. Sant Marti 2011 - B"]
[Site "Barcelona ESP"]
[Date "2011.07.15"]
[Round "3.8"]
[White "Rodriguez Martin, Manuel Maria"]
[Black "Ruiz Molina, Gabriel"]
[Result "0-1"]
[WhiteElo "1825"]
[BlackElo "1905"]
[PlyCount "90"]
[EventDate "2011.07.13"]
[EventType "swiss"]
[EventRounds "9"]
[EventCountry "ESP"]
[SourceTitle "Ajedrez en Madrid"]
[Source "lmi"]
[SourceDate "2011.07.13"]
[SourceVersion "1"]
[SourceVersionDate "2019.06.21"]
[SourceQuality "1"]

1. e4 e6 2. d4 d5 3. e5 c5 4. c3 Nc6 5. Nf3 Qb6 6. a3 Bd7 7. Be2 Nge7 8. dxc5
Qxc5 9. b4 Qb6 10. Be3 Qc7 11. O-O Nxe5 12. Nxe5 Qxe5 13. Bc5 b6 14. Bd4 Qc7
15. f4 Nf5 16. Nd2 Bd6 17. g3 Nxd4 18. cxd4 Qc3 19. Nf3 Rc8 20. Bd3 O-O 21. Rf2
g6 22. Rc2 Qb3 23. Qd2 Rxc2 24. Qxc2 Qxc2 25. Bxc2 Rc8 26. Ra2 a5 27. bxa5 bxa5
28. Kf2 f6 29. Ke3 Rc3+ 30. Bd3 Bxa3 31. g4 Bb5 32. Ne1 Bc4 33. Ra1 Bb4 34. Ke2
Kf7 35. h4 f5 36. gxf5 exf5 37. Bxc4 dxc4 38. d5 Ke7 39. Rd1 Kd6 40. Nf3 Rc2+
41. Kf1 c3 42. Ne5 Rh2 43. Nf3 c2 44. Rc1 Rh1+ 45. Ng1 Bc5 0-1

[Event "13. Obert Int. Sant Marti 2011 - B"]
[Site "Barcelona ESP"]
[Date "2011.07.15"]
[Round "3.9"]
[White "Garcia Lopez, Nicolas"]
[Black "Duran Gutierrez, Juan Luis"]
[Result "1/2-1/2"]
[WhiteElo "1814"]
[BlackElo "1903"]
[PlyCount "40"]
[EventDate "2011.07.13"]
[EventType "swiss"]
[EventRounds "9"]
[EventCountry "ESP"]
[SourceTitle "Ajedrez en Madrid"]
[Source "lmi"]
[SourceDate "2011.07.13"]
[SourceVersion "1"]
[SourceVersionDate "2019.06.21"]
[SourceQuality "1"]

1. e4 c5 2. g3 Nc6 3. Bg2 d6 4. Ne2 g6 5. c3 Bg7 6. d4 cxd4 7. cxd4 Nf6 8. Nbc3
O-O 9. h3 a6 10. Be3 Qc7 11. Rc1 Qa5 12. O-O Bd7 13. f4 e5 14. fxe5 dxe5 15.
Bg5 Nh5 16. g4 exd4 17. Nd5 h6 18. Bd2 Qxa2 19. gxh5 Ne5 20. Bb4 Ba4 1/2-1/2

[Event "13. Obert Int. Sant Marti 2011 - B"]
[Site "Barcelona ESP"]
[Date "2011.07.15"]
[Round "3.10"]
[White "Corominas Garrido, Jordi"]
[Black "Vargas Ramirez, Ana Maria"]
[Result "1-0"]
[WhiteElo "1897"]
[BlackElo "1776"]
[PlyCount "79"]
[EventDate "2011.07.13"]
[EventType "swiss"]
[EventRounds "9"]
[EventCountry "ESP"]
[SourceTitle "Ajedrez en Madrid"]
[Source "lmi"]
[SourceDate "2011.07.13"]
[SourceVersion "1"]
[SourceVersionDate "2019.06.21"]
[SourceQuality "1"]

1. c4 e5 2. Nc3 Nf6 3. g3 Bc5 4. Bg2 Nc6 5. e3 O-O 6. Nge2 Re8 7. d3 d6 8. O-O
Bg4 9. a3 a5 10. f3 Bf5 11. Kh1 Qd7 12. d4 Bb6 13. Nb5 Rad8 14. g4 Bg6 15. Ng3
h5 16. gxh5 Nxh5 17. Nxh5 Bxh5 18. d5 Ne7 19. Qd3 Ng6 20. e4 Nf4 21. Bxf4 exf4
22. Qd2 Be3 23. Qxa5 b6 24. Qc3 Re5 25. Nd4 Bxd4 26. Qxd4 Qe7 27. Qf2 Qf6 28.
Rg1 Kh7 29. Bh3 Rh8 30. Bg4 Bg6 31. b4 Kg8 32. Ra2 Rh4 33. Re2 Bh5 34. a4 Re8
35. Bxh5 Rxh5 36. a5 bxa5 37. bxa5 Qc3 38. a6 Rh3 39. Rc2 Rxf3 40. Qg2 1-0

[Event "13. Obert Int. Sant Marti 2011 - B"]
[Site "Barcelona ESP"]
[Date "2011.07.16"]
[Round "4.1"]
[White "Medina Altamirano, Karla"]
[Black "Corominas Garrido, Jordi"]
[Result "0-1"]
[WhiteElo "1977"]
[BlackElo "1897"]
[PlyCount "68"]
[EventDate "2011.07.13"]
[EventType "swiss"]
[EventRounds "9"]
[EventCountry "ESP"]
[SourceTitle "Ajedrez en Madrid"]
[Source "lmi"]
[SourceDate "2011.07.13"]
[SourceVersion "1"]
[SourceVersionDate "2019.06.21"]
[SourceQuality "1"]

1. e4 e6 2. d4 d5 3. Nc3 Nf6 4. e5 Nfd7 5. Nf3 c5 6. dxc5 Nc6 7. Bf4 Nxc5 8.
Bd3 a6 9. a3 Be7 10. Qd2 Nxd3+ 11. cxd3 O-O 12. O-O Bd7 13. Rfe1 Rc8 14. Rac1
Na5 15. Qd1 Qb6 16. b4 Nc6 17. Na4 Qa7 18. Nc5 b6 19. Nxd7 Qxd7 20. Qb3 Rc7 21.
Re2 g5 22. Be3 g4 23. Bxb6 gxf3 24. Rec2 Rcc8 25. d4 Kh8 26. Qxf3 Bg5 27. Bc5
Rg8 28. Rd1 Rg6 29. Rd3 f5 30. Qh5 Rcg8 31. Kf1 Bf4 32. g3 Bh6 33. Rdc3 Nd8 34.
Bb6 Qb5+ 0-1

[Event "13. Obert Int. Sant Marti 2011 - B"]
[Site "Barcelona ESP"]
[Date "2011.07.16"]
[Round "4.2"]
[White "Moreno Perez, Norberto"]
[Black "Maynat Diaz, Jose Antonio"]
[Result "1/2-1/2"]
[WhiteElo "1955"]
[BlackElo "1881"]
[PlyCount "47"]
[EventDate "2011.07.13"]
[EventType "swiss"]
[EventRounds "9"]
[EventCountry "ESP"]
[SourceTitle "Ajedrez en Madrid"]
[Source "lmi"]
[SourceDate "2011.07.13"]
[SourceVersion "1"]
[SourceVersionDate "2019.06.21"]
[SourceQuality "1"]

1. e4 c5 2. Nf3 Nc6 3. Bc4 e6 4. c3 Qc7 5. Bb3 Nf6 6. d3 Be7 7. Na3 a6 8. Nc4
b5 9. Ne3 Bb7 10. O-O h5 11. Re1 Ng4 12. h3 Nge5 13. Bc2 g5 14. a4 O-O-O 15.
axb5 axb5 16. d4 Nxf3+ 17. gxf3 g4 18. hxg4 hxg4 19. fxg4 Rdg8 20. Kf1 cxd4 21.
Bd3 b4 22. Bd2 dxc3 23. bxc3 Qd6 24. Ke2 1/2-1/2

[Event "13. Obert Int. Sant Marti 2011 - B"]
[Site "Barcelona ESP"]
[Date "2011.07.16"]
[Round "4.3"]
[White "Valarezzo Ricard, Pedro"]
[Black "Diaz Nieto, Alberto"]
[Result "1/2-1/2"]
[WhiteElo "1878"]
[BlackElo "1948"]
[PlyCount "82"]
[EventDate "2011.07.13"]
[EventType "swiss"]
[EventRounds "9"]
[EventCountry "ESP"]
[SourceTitle "Ajedrez en Madrid"]
[Source "lmi"]
[SourceDate "2011.07.13"]
[SourceVersion "1"]
[SourceVersionDate "2019.06.21"]
[SourceQuality "1"]

1. d4 d5 2. Bf4 Bf5 3. Nf3 e6 4. Nbd2 c5 5. c3 Nc6 6. e3 Nf6 7. Be2 Be7 8. Ne5
Nxe5 9. Bxe5 O-O 10. g4 Be4 11. Nxe4 Nxe4 12. Bd3 cxd4 13. exd4 Bh4 14. Bg3 Qf6
15. Qe2 Qh6 16. Bxe4 dxe4 17. Qxe4 b5 18. a3 Rac8 19. O-O Rcd8 20. Rae1 a5 21.
Bc7 Rd5 22. Bxa5 Qg5 23. Bc7 h5 24. h3 hxg4 25. hxg4 Re8 26. Qg2 Qg6 27. Re5
Rxe5 28. Bxe5 Bf6 29. Bxf6 gxf6 30. Qg3 Kg7 31. f3 Rh8 32. Kg2 Qc2+ 33. Qf2 Qh7
34. Kg3 e5 35. Qg1 Qh4+ 36. Kg2 Qh3+ 37. Kf2 Qh6 38. dxe5 fxe5 39. Re1 Qf4 40.
Kg2 Qd2+ 41. Kg3 Qf4+ 1/2-1/2

[Event "13. Obert Int. Sant Marti 2011 - B"]
[Site "Barcelona ESP"]
[Date "2011.07.16"]
[Round "4.4"]
[White "Ruiz Molina, Gabriel"]
[Black "Barroso Quinones, Antonio"]
[Result "1-0"]
[WhiteElo "1905"]
[BlackElo "1879"]
[PlyCount "85"]
[EventDate "2011.07.13"]
[EventType "swiss"]
[EventRounds "9"]
[EventCountry "ESP"]
[SourceTitle "Ajedrez en Madrid"]
[Source "lmi"]
[SourceDate "2011.07.13"]
[SourceVersion "1"]
[SourceVersionDate "2019.06.21"]
[SourceQuality "1"]

1. d4 Nf6 2. c4 e6 3. Nc3 c5 4. d5 exd5 5. cxd5 d6 6. e4 g6 7. Bd3 Bg7 8. Bg5
O-O 9. Nge2 a6 10. a4 Nbd7 11. O-O Ne5 12. Bc2 Nc4 13. b3 Na5 14. f3 Qb6 15.
Be3 Nd7 16. Rb1 Qc7 17. Kh1 Rb8 18. f4 b5 19. axb5 axb5 20. f5 Ba6 21. Qd2 b4
22. Nd1 c4 23. fxg6 fxg6 24. Rxf8+ Rxf8 25. Ng3 Be5 26. Bh6 c3 27. Qg5 Bf4 28.
Qh4 Bxg3 29. hxg3 Rf1+ 30. Kh2 Ne5 31. Ne3 Rf2 32. Kg1 Rf7 33. Bf4 Nd3 34. Ng4
Nxf4 35. gxf4 Rf8 36. e5 dxe5 37. fxe5 Qg7 38. Ra1 h5 39. Nf6+ Rxf6 40. Qxf6
Qa7+ 41. Kh1 Qd4 42. Bxg6 c2 43. Qf7+ 1-0

[Event "13. Obert Int. Sant Marti 2011 - B"]
[Site "Barcelona ESP"]
[Date "2011.07.16"]
[Round "4.5"]
[White "Duran Gutierrez, Juan Luis"]
[Black "Navarro Coloma, Antonio"]
[Result "1/2-1/2"]
[WhiteElo "1903"]
[BlackElo "1938"]
[PlyCount "22"]
[EventDate "2011.07.13"]
[EventType "swiss"]
[EventRounds "9"]
[EventCountry "ESP"]
[SourceTitle "Ajedrez en Madrid"]
[Source "lmi"]
[SourceDate "2011.07.13"]
[SourceVersion "1"]
[SourceVersionDate "2019.06.21"]
[SourceQuality "1"]

1. e4 e6 2. d4 d5 3. exd5 exd5 4. Nf3 Bd6 5. Bg5 Nf6 6. Bd3 O-O 7. O-O Bg4 8.
Nbd2 Nbd7 9. c3 c6 10. Qc2 Qc7 11. Rfe1 Rfe8 1/2-1/2

[Event "13. Obert Int. Sant Marti 2011 - B"]
[Site "Barcelona ESP"]
[Date "2011.07.16"]
[Round "4.6"]
[White "Bieg Pagel, Clemens"]
[Black "Gonzalez Muelas, Javier"]
[Result "1-0"]
[WhiteElo "1938"]
[BlackElo "1852"]
[PlyCount "71"]
[EventDate "2011.07.13"]
[EventType "swiss"]
[EventRounds "9"]
[EventCountry "ESP"]
[SourceTitle "Ajedrez en Madrid"]
[Source "lmi"]
[SourceDate "2011.07.13"]
[SourceVersion "1"]
[SourceVersionDate "2019.06.21"]
[SourceQuality "1"]

1. e4 e6 2. d4 d5 3. Nc3 Nf6 4. e5 Nfd7 5. f4 c5 6. Nf3 Nc6 7. Be3 a6 8. Qd2
Qa5 9. a3 c4 10. Be2 Be7 11. O-O O-O 12. Bf2 Rd8 13. Qe3 b5 14. Bh4 Qc7 15.
Bxe7 Nxe7 16. Nh4 Nf8 17. g4 g6 18. Kh1 Rb8 19. f5 exf5 20. gxf5 Nxf5 21. Nxf5
Bxf5 22. Rxf5 gxf5 23. Rg1+ Ng6 24. Bf3 Qc6 25. Qh6 Rb6 26. h4 Kh8 27. h5 Qb7
28. hxg6 fxg6 29. Bxd5 Qe7 30. Qf4 Qg7 31. Qg5 Qf8 32. Re1 h6 33. Qg1 Qe7 34.
Qh2 Qg5 35. e6 Kg7 36. Qc7+ 1-0

[Event "13. Obert Int. Sant Marti 2011 - B"]
[Site "Barcelona ESP"]
[Date "2011.07.16"]
[Round "4.7"]
[White "Amor Alcaide, Manuel"]
[Black "Montoro Balasch, Bernat"]
[Result "1-0"]
[WhiteElo "1948"]
[BlackElo "1770"]
[PlyCount "59"]
[EventDate "2011.07.13"]
[EventType "swiss"]
[EventRounds "9"]
[EventCountry "ESP"]
[SourceTitle "Ajedrez en Madrid"]
[Source "lmi"]
[SourceDate "2011.07.13"]
[SourceVersion "1"]
[SourceVersionDate "2019.06.21"]
[SourceQuality "1"]

1. c4 e6 2. b3 Nf6 3. Bb2 c5 4. Nf3 Nc6 5. e3 Be7 6. Nc3 O-O 7. Be2 d5 8. cxd5
exd5 9. d4 Bf5 10. O-O Ne4 11. dxc5 Nxc3 12. Bxc3 Bxc5 13. Nd4 Bg6 14. Qd2 a6
15. Rfd1 Qd6 16. Bf3 Rfd8 17. Qb2 Ne5 18. Be2 f6 19. Nf3 Bh5 20. Bxe5 fxe5 21.
Rxd5 Qe7 22. Qxe5 Rxd5 23. Qxd5+ Bf7 24. Qe5 Qf8 25. Rd1 Re8 26. Qc7 b5 27. Ng5
Bg6 28. Bf3 h6 29. Bd5+ Kh8 30. Ne6 1-0

[Event "13. Obert Int. Sant Marti 2011 - B"]
[Site "Barcelona ESP"]
[Date "2011.07.16"]
[Round "4.8"]
[White "Corrales Adamuz, Cristian"]
[Black "Gonzalez Martin, Fernando"]
[Result "1-0"]
[WhiteElo "1827"]
[BlackElo "1937"]
[PlyCount "125"]
[EventDate "2011.07.13"]
[EventType "swiss"]
[EventRounds "9"]
[EventCountry "ESP"]
[SourceTitle "Ajedrez en Madrid"]
[Source "lmi"]
[SourceDate "2011.07.13"]
[SourceVersion "1"]
[SourceVersionDate "2019.06.21"]
[SourceQuality "1"]

1. c4 Nf6 2. Nc3 c5 3. g3 Nc6 4. Bg2 b6 5. e4 Bb7 6. Nge2 d6 7. d3 e6 8. f4 Be7
9. O-O O-O 10. a3 a6 11. Rb1 Qc7 12. b4 Nd7 13. g4 cxb4 14. axb4 Rad8 15. Ba3
b5 16. d4 bxc4 17. b5 Na5 18. Qa4 Nb3 19. bxa6 Bc6 20. Qxc4 Nd2 21. Nb5 Nxc4
22. Nxc7 Nxa3 23. Rb3 Nc4 24. Rc1 Ndb6 25. Rxb6 Nxb6 26. Rxc6 Na8 27. d5 Rc8
28. Nxa8 Rxc6 29. dxc6 Rxa8 30. c7 Kf8 31. Nc3 Ke8 32. Na4 d5 33. exd5 Bd6 34.
dxe6 Rc8 35. exf7+ Kxf7 36. a7 Bxf4 37. a8=Q Rxa8 38. Bxa8 Bxc7 39. h4 h5 40.
gxh5 Bg3 41. Be4 Bxh4 42. Kg2 Kf6 43. Kf3 Bg5 44. Nb6 Bc1 45. Kg4 Bg5 46. Nd7+
Ke7 47. Nc5 Kf6 48. Bg6 Bc1 49. Nd7+ Ke7 50. Ne5 Kf6 51. Nf3 Bb2 52. Kf4 Ke6
53. Ke4 Ba1 54. Bh7 Bb2 55. Bg6 Ba1 56. Ng5+ Kf6 57. Nh7+ Ke6 58. Bf5+ Ke7 59.
Bg4 Kf7 60. Kf5 Bb2 61. Ng5+ Kf8 62. Kg6 Ke7 63. Ne6 1-0

[Event "13. Obert Int. Sant Marti 2011 - B"]
[Site "Barcelona ESP"]
[Date "2011.07.16"]
[Round "4.9"]
[White "Colom Andres, Xavier"]
[Black "Garcia Lopez, Nicolas"]
[Result "0-1"]
[WhiteElo "1935"]
[BlackElo "1814"]
[PlyCount "72"]
[EventDate "2011.07.13"]
[EventType "swiss"]
[EventRounds "9"]
[EventCountry "ESP"]
[SourceTitle "Ajedrez en Madrid"]
[Source "lmi"]
[SourceDate "2011.07.13"]
[SourceVersion "1"]
[SourceVersionDate "2019.06.21"]
[SourceQuality "1"]

1. d4 Nf6 2. c4 e5 3. dxe5 Ng4 4. Bf4 g5 5. Bg3 Bg7 6. Nf3 Nc6 7. Nc3 Ngxe5 8.
Nxe5 Nxe5 9. e3 d6 10. Rc1 Be6 11. Be2 Qd7 12. Qc2 h5 13. Bxe5 Bxe5 14. Nb5 g4
15. Rd1 a6 16. Nc3 h4 17. c5 Qc6 18. cxd6 Qxg2 19. Rf1 Bxd6 20. Qa4+ Bd7 21.
Qd4 O-O-O 22. Bd3 Kb8 23. b4 Qxh2 24. b5 Qe5 25. bxa6 Qxd4 26. exd4 bxa6 27.
Be4 Ka7 28. Kd2 h3 29. Bh1 f5 30. Ne2 f4 31. Rb1 Rb8 32. Rb3 Rxb3 33. axb3 g3
34. fxg3 fxg3 35. Be4 g2 36. Ra1 Rf8 0-1

[Event "13. Obert Int. Sant Marti 2011 - B"]
[Site "Barcelona ESP"]
[Date "2011.07.16"]
[Round "4.10"]
[White "Castellet Menchon, Didac"]
[Black "Poyato Plaza, Daniel"]
[Result "1-0"]
[WhiteElo "1802"]
[BlackElo "1928"]
[PlyCount "40"]
[EventDate "2011.07.13"]
[EventType "swiss"]
[EventRounds "9"]
[EventCountry "ESP"]
[SourceTitle "Ajedrez en Madrid"]
[Source "lmi"]
[SourceDate "2011.07.13"]
[SourceVersion "1"]
[SourceVersionDate "2019.06.21"]
[SourceQuality "1"]

1. e4 d5 2. exd5 Nf6 3. d4 Nxd5 4. c4 Nb6 5. Nf3 g6 6. Nc3 Bg7 7. c5 Nd5 8. Bc4
c6 9. O-O O-O 10. Re1 Bg4 11. Bg5 Re8 12. h3 Bxf3 13. Qxf3 Nf6 14. d5 cxd5 15.
Nxd5 Nbd7 16. Rad1 Rc8 17. Rxe7 Rxe7 18. Bxf6 Bxf6 19. Nxf6+ Kg7 20. Qc3 Qf8
1-0

[Event "13. Obert Int. Sant Marti 2011 - B"]
[Site "Barcelona ESP"]
[Date "2011.07.17"]
[Round "5.1"]
[White "Corominas Garrido, Jordi"]
[Black "Ruiz Molina, Gabriel"]
[Result "1/2-1/2"]
[WhiteElo "1897"]
[BlackElo "1905"]
[PlyCount "44"]
[EventDate "2011.07.13"]
[EventType "swiss"]
[EventRounds "9"]
[EventCountry "ESP"]
[SourceTitle "Ajedrez en Madrid"]
[Source "lmi"]
[SourceDate "2011.07.13"]
[SourceVersion "1"]
[SourceVersionDate "2019.06.21"]
[SourceQuality "1"]

1. c4 Nf6 2. Nc3 b6 3. Nf3 Bb7 4. d4 g6 5. Bg5 Bg7 6. Qc2 d6 7. e4 Nbd7 8. Be2
O-O 9. O-O c5 10. Rad1 cxd4 11. Nxd4 a6 12. Be3 Rc8 13. b3 b5 14. f3 bxc4 15.
Bxc4 Ne5 16. Be2 Qa5 17. Rc1 d5 18. Qd2 dxe4 19. Nxe4 Qxd2 20. Nxd2 Nd5 21. Bf2
Nf4 22. Be3 Nd5 1/2-1/2